Guess the 1980s song lyrics #3 - Statistics

General Stats
  • This quiz has been taken 103 times
  • The average score is 82 of 165
Answer Stats
Lyrics % Correct
a
98%
I
98%
the
91%
You
88%
you
88%
love
87%
to
84%
be
83%
when
80%
do
78%
it
77%
It
77%
me
77%
can
71%
Who
71%
on
70%
your
67%
my
64%
with
62%
of
60%
I'm
56%
That
56%
that
56%
but
55%
But
55%
got
55%
heart
55%
what's
50%
What's
50%
for
48%
If
48%
it's
45%
It's
45%
you're
44%
emotion
43%
broken
41%
needs
41%
Oh
40%
second hand
35%
hand
31%
I've
31%
some
31%
this
30%
girl
29%
have
27%
must
26%
than
26%
boy
24%
say
24%
There's
22%
been
21%
only
21%
Only
21%
react
21%
touch
21%
makes
20%
may
19%
way
19%
try
17%
understand
16%
cause
15%
confused
15%
seem
15%
thrill
15%
acting
14%
logical
14%
meeting
14%
more
14%
physical
14%
attract
13%
look
13%
notion
13%
opposites
13%
pulse
13%
sweet
13%
close
12%
feel
12%
means
12%
old fashioned
12%
place
12%
ignore
10%
read
10%
name
9%
fits
7%
new
7%
phrase
6%
reason
6%
tend
6%
though
6%
whatever
6%
about
5%
dazed
5%
direction
2%
own
2%
protection
2%
scares
2%
taking
2%
thinking
2%
No matching quizzes found
Score Distribution
Percent of People with Each Score
Percentile by Number Answered
Your Score History
You have not taken this quiz